Corporate guru Dhirubhai Ambani / (Record no. 36268)

MARC details
000 -LEADER
fixed length control field 00762nam a22002177a 4500
005 - DATE AND TIME OF LATEST TRANSACTION
control field 2010052109519.0
008 - FIXED-LENGTH DATA ELEMENTS--GENERAL INFORMATION
fixed length control field 100521t xxu||||| |||| 00| 0 eng d
010 ## - LCCN (DPL NO)
LC control number ENG-96136
020 ## - INTERNATIONAL STANDARD BOOK NUMBER
International Standard Book Number 9788128824289
Terms of availability 95.00
035 ## - SYSTEM CONTROL NUMBER
System control number EN-79669
037 ## - SOURCE OF ACQUISITION
Source of stock number/acquisition DBAD/PUB
040 ## - CATALOGING SOURCE
Original cataloging agency DPL
082 ## - DEWEY DECIMAL CLASSIFICATION NUMBER
Classification number 921
100 ## - MAIN ENTRY--PERSONAL NAME
Personal name Tiwari,Prateeksha M.
9 (RLIN) 1402
245 ## - TITLE STATEMENT
Title Corporate guru Dhirubhai Ambani /
Statement of responsibility, etc by Prateeksha M.Tiwari
260 ## - PUBLICATION, DISTRIBUTION, ETC. (IMPRINT)
Place of publication, distribution, etc New Delhi
Name of publisher, distributor, etc Diamond Pocket Books
Date of publication, distribution, etc 2010
270 ## - ADDRESS
Address X-30, Okhla Industrial Area, Phase-II
City New Delhi
Postal code 110020
300 ## - PHYSICAL DESCRIPTION
Extent 166p.:
Dimensions 22cm (pbk)
Other physical details b&w photos
942 ## - ADDED ENTRY ELEMENTS (KOHA)
Source of classification or shelving scheme Dewey Decimal Classification
Item type English Books
Call number suffix AMB
Classification part 921
Holdings
Withdrawn status Lost status Source of classification or shelving scheme Damaged status Not for loan Collection code Home library Current library Date acquired Source of acquisition Cost, normal purchase price Total Checkouts Full call number Barcode Date last seen Copy number Cost, replacement price Koha item type
    Dewey Decimal Classification   Not For Loan Non-fiction D.B.Act.Division D.B.Act.Division 13/04/2010 DBAD/PUB 95.00   921 AMB EN-79669 21/05/2010 1 95.00 English Books

© Delhi Public Library
Hit Counter
free hit counter